| 000 | 00622nam a2200217Ia 4500 | ||
|---|---|---|---|
| 001 | 2262 | ||
| 005 | 20240113233534.0 | ||
| 007 | ta | ||
| 008 | 050223s1921 a g b000 u eng u | ||
| 040 | _astack | ||
| 041 | _aeng | ||
| 082 |
_a930.1905 _bMa 355 An |
||
| 100 | _aMarshal, John . | ||
| 245 | 0 |
_aAnnual Report of the Director - General of Archaeology in India 1918 - 19 / _cJohn Marshall. _hReports |
|
| 260 |
_aCalcutta : _bGovt. Printing , _c1921. |
||
| 300 |
_a49p. : _bill ; _c26cm. . |
||
| 653 | _aReport : Director - General of Archaeology in India | ||
| 942 |
_2ddc _cBK |
||
| 999 |
_c2255 _d2255 |
||